| 000 | 01821 a2200253 4500 | ||
|---|---|---|---|
| 001 | 45149 | ||
| 005 | 20260407155726.0 | ||
| 008 | 260407a2017 arg spa d | ||
| 003 | AR-UNSa-BCEJYS | ||
| 040 |
_aAR-UNSa-BCEJYS _bspa _cAR-UNSa-BCEJYS |
||
| 080 |
_a338.45 _xIndustria como sector económico. Producción comercial, industrial |
||
| 245 | 1 | 0 |
_aManufactura y cambio estructural _paportes para pensar la política industrial en la Argentina |
| 020 | _a978-92-1-121967-8 | ||
| 264 | 1 |
_aSantiago de Chile : _bCEPAL (Comisión Económica para América Latina y el Caribe) _c2017 |
|
| 300 |
_a330 p. _c22 cm. |
||
| 505 | _a1. ¿De qué hablamos cuando hablamos de cambio estructural? / Florencia Barletta y Gabriel Yoguel – 2. ¿De qué hablamos cuando hablamos de política industrial? / Pablo Lavarello – 3. La industria manufacturera argentina y su encrucijada / Martín Abeles y Anahí amar – 4. La política industrial en la Argentina durante la década de 2000 / Pablo Lavarello, Marianella Sarabia – 5. El complejo productivo de bienes de capital: entre el carácter estratégico, la expansión y los límites estructurales / Fernando Peirano, Carolina Carregal, M. Alejandro Peirano – 6. El sector biofarmacéutico: desafíos de política para una industria basada en la ciencia / Graciela E. Gutman y Pablo Lavarello – 7. La industria del software: la generación de capacidades tecnológicas y el desafío de elevar la productividad sistémica / Jorge Motta, Hernán Moreno y Carina Borrastero - | ||
| 041 | _aspa | ||
| 942 | _cBK | ||
| 590 | _aniveau_biblio:m niveau_hierar:0 | ||
| 100 | 1 | _aAbeles, Martín | |
| 700 | 1 | _aCimoli, Mario | |
| 700 | 1 | _aLavarello, Pablo José | |
| 856 | 4 | 1 |
_uhttps://www.biblioeco.unsa.edu.ar/pmb/images/libros/L127079.jpg _yImagen de portada _qimage/jpeg |
| 999 |
_c3913 _d3913 |
||